000 00393 a2200109 4500
001 ART_39998
005 20260410161841.0
008 260409a
245 1 0 _aEl nuevo régimen de contrataciones y la sustantividad del contrato administrativo
100 1 _aBarra, Rodolfo Carlos
773 0 _tRAP
_gRégimen de contrataciones y compre nacional - Año 24 (feb. 2002)
_wREV5941
999 _c24118
_d24118